000 00567nam a2200193 i 4500
001 135629
003 ES-MaACL
005 20250721062626.0
007 t|
008 070720s1970 sp ||||1| spa d
080 _a355.318.2(46)
100 1 _aTorre y de Miguel, José Manuel de la.
_9110793
245 1 0 _aLecturas de teoría económica /
_cJosé Manuel Torre y de Miguel.
260 _a[Madrid] :
_bGuadiana,
_c[1970]
300 _a352 p. ;
_c24 cm.
650 1 7 _aEconomía
_2embne
_912006
852 _aES-MaACL
_jC-37997
_bR.76078
999 _c135629
_d135629